000 00371 a2200157 4500
001 75678
020 _a9788535707496
040 _cAnchieta - Colégio São Paulo
100 _aAndrade, Telma Guimarães Castro
240 1 0 _aA alegria da classe
_lpor
245 1 0 _aA alegria da classe
300 _a14
362 0 _a2007
650 4 _aLiteratura infantil
942 _cBK
999 _c75678
_d75678